| 000 | 00768nam a2200265 i 4500 | ||
|---|---|---|---|
| 001 | bg | ||
| 003 | BPK | ||
| 005 | 20210701122358.0 | ||
| 008 | 981230s1985 pl a f f |000 0 pol | ||
| 015 | _aPB 1985/5522 | ||
| 020 | _a8301042605 | ||
| 040 |
_aWA N _cBPK |
||
| 041 | 0 | _apol | |
| 080 | _a54 | ||
| 080 | _a(075.8) | ||
| 100 | 1 |
_aPajdowski, Lech _d(1920-2013) _eAutor |
|
| 245 | 1 | 0 |
_aChemia ogólna. _nCz. 2 / _cLech Pajdowski. |
| 260 |
_aWarszawa : _bPańst. Wydaw. Naukowe, _c1985. |
||
| 300 |
_a345-616, [4]) s. : _brys. ; _c24 cm. |
||
| 650 | 4 | _aChemia | |
| 655 | 4 | _aPodręczniki akademickie | |
| 658 | _aChemia | ||
| 856 |
_uhttp://koha.tu.koszalin.pl/cgi-bin/koha/opac-detail.pl?biblionumber=1274 _yKatalog online BPK |
||
| 942 |
_2UKD _cKS |
||
| 999 |
_c1274 _d1274 |
||